| 000 | 00353nam a22001337a 4500 | ||
|---|---|---|---|
| 020 | _a9789698237929 | ||
| 082 |
_a634 _bTEX |
||
| 100 | _aM. Tahir Siddiqui, M. Farrakh Nawaz (Editors) | ||
| 245 | _aTextbook of Applied Forestry | ||
| 260 |
_aFaisalabad _bUniversity of Agriculture, _c2022 |
||
| 300 | _a346p | ||
| 563 | _aH.B | ||
| 942 |
_2ddc _cBK |
||
| 999 |
_c595097 _d595097 |
||